Indian government and politics / (Record no. 141071)

MARC details
000 -LEADER
fixed length control field 00570nam a22001817a 4500
005 - DATE AND TIME OF LATEST TRANSACTION
control field 20170614113614.0
010 ## - LCCN (DPL NO)
LC control number ENG-118636
020 ## - INTERNATIONAL STANDARD BOOK NUMBER
International Standard Book Number 9789383575459
Terms of availability 795.00
035 ## - SYSTEM CONTROL NUMBER
System control number EN-102168
037 ## - SOURCE OF ACQUISITION
Source of stock number/acquisition DBAD/PUB
082 ## - DEWEY DECIMAL CLASSIFICATION NUMBER
Classification number 320.40954
100 ## - MAIN ENTRY--PERSONAL NAME
Personal name Pathak, Guptajit
245 ## - TITLE STATEMENT
Title Indian government and politics /
Statement of responsibility, etc by Guptajit Pathak
260 ## - PUBLICATION, DISTRIBUTION, ETC. (IMPRINT)
Place of publication, distribution, etc New Delhi
Name of publisher, distributor, etc SSDN Publishers and Distributors
Date of publication, distribution, etc 2015
270 ## - ADDRESS
Address 5A, Sahni Mansion, Ansari Road, Daryaganj, New Delhi-110002
300 ## - PHYSICAL DESCRIPTION
Extent viii,192p
Dimensions 23cm.(Hb)
942 ## - ADDED ENTRY ELEMENTS (KOHA)
Source of classification or shelving scheme Dewey Decimal Classification
Item type English Books
Classification part 320.40954
Call number suffix PAT
Holdings
Withdrawn status Lost status Not for loan Collection code Home library Current library Date acquired Source of acquisition Cost, normal purchase price Full call number Barcode Copy number Cost, replacement price Koha item type
    Not For Loan Non-fiction D.B.Act.Division Bawana 14/06/2017 DBAD/PUB 795.00 320.40954 PAT EN-102168 1 795.00 English Books

© Delhi Public Library
Hit Counter
free hit counter